00652nam a2200241 a 4500001001300000003000900013005001700022008004100039020001000080082001400090100002100104245002200125260004100147300000900188500003500197505001400232650002100246700002100267902000800288942000700296952009400303999001300397nice12345678IN_TiNIC20260116011349.0050524s1924 luca grp 000 0 urd  ac10000a245bSAD2 aSada, Isa Charan aFirdaus Gum Shuda aLucknowbGulzar-E-syedi Press c1924 a400p aincludes index and biblioraphy2 areference aChristian-Poetry1 aSada, Isa Charan bRBA cBK 00104070aHMIbHMId2007-07-05g100.00l0o245 SAD2p4081r2007-07-05w2026-01-16yARB c875d875